Personajes de ficción por imagen - E - Estadísticas

Estadísticas generales
  • Esta prueba ha sido intentada 4.501 veces
  • La puntuación promedio es 8 de 16
Estadísticas de respuestas
Imagen Respuesta % Correcto
Elsa
97%
Elmo
83%
Edna Moda
68%
Ernie
67%
Edward Cullen
60%
Enderman
59%
Esmeralda
56%
EVA
53%
Enola Holmes
52%
Eren Jaeger
43%
Elastigirl
41%
Eric Cartman
39%
Electro
34%
Ellie
31%
Elmer Gruñón
25%
Elrond
18%
No se encontraron pruebas coincidentes
Distribución de puntuación
Porcentaje de gente con cada puntuación
Porcentaje por número respondido
Historial de tus puntuaciones
No has intentado esta prueba.